Statistics for Top 10 Southampton PL scorers

Click here to take the quiz!

General Stats

  • This quiz has been taken 82 times
  • The average score is 5 of 10

Answer Stats

HintAnswer% Correct
101Le Tissier
91%
28Lambert
78%
23Pelle
68%
68Beattie
67%
21Mane
64%
42Pahars
51%
25Rodriguez
38%
28Ostenstad
33%
22Phillips
33%
21Dowie
14%

Score Distribution

Percentile by Number Answered

Percent of People with Each Score

Your Score History

You have not taken this quiz